01210nam a2200229Ia 4500001000600000003000900006008004100015040001300056040001300069041001300082100001900095100002900114245005900143245005900202250001100261260004400272260004900316300005700365500049900422650002800921650003100949H6685IT-RoPAU130308s9999 xx 000 0 und d aIT-RoPAU cIT-RoPAU aITALIANO aDonghi Antonio gCodice Aut. SPICS: 33974 aGesti e parole - Un'iniziazione al liguaggio simbolico bGesti e Parole - Un'Iniziazione al Liguaggio Simbolico a1a ed. bLibreria Editrice Vaticana / Edizioni S c1993 [1° Ed.:1993 - Ed.Ling.Originale:1993] a"104 p. (prefazione: no ; testo: 104 [pagine: 0-0])" aSegno di croce . Riunirsi. Stare in Piedi. Inginocchiarsi. Genuflettere. Stare Seduti. far Silenzio. Proclamare. Ascoltare. Battersi Il Petto. Camminare. Osservare. Cantare. Lavacro Battesimale. Aspergere. Imporre le Mani. Ungere. Pregare. Benedire. mangiare e Bere. Incensare. Presentare I Doni. Accendere. Presiedere. Conclusione. Questo Volumetto si Propone di Fare una catechesi Liturgica che Guidi I fedeli a comprendere Bene Il mistero della salvezza per mezzo dei riti e delle Preghiere. aLITURGIA E DRAMMATURGIA eCodice materia Spics: 9162